make the country from the letter jumble 2 - Statistics

General Stats
  • This quiz has been taken 41 times
  • The average score is 31 of 35
Answer Stats
Jumble Answer % Correct
banatwos botswana
100%
dancaa canada
100%
thaii haiti
100%
lawami malawi
100%
orccomo morocco
100%
yekurt turkey
100%
nifanld finland
97%
hondasur honduras
97%
slothseo lesotho
97%
zambiequom mozambique
97%
susair russia
97%
hailtand thailand
97%
anymerg germany
94%
gaynhur hungary
94%
volodam moldova
94%
ibimana namibia
92%
warand rwanda
92%
rociata croatia
89%
celdain iceland
89%
daliner ireland
89%
nhaskanatz kazakhstan
89%
greinia nigeria
89%
trougalp portugal
89%
manoari romania
89%
velosnia slovenia
89%
rekainur ukraine
89%
mosiala somalia
86%
balanai albania
83%
triasau austria
81%
anotesi estonia
78%
haitipeo ethiopia
78%
genranati argentina
75%
kasipant pakistan
75%
kansaril sri lanka
64%
pongainser singapore
58%
No matching quizzes found
Score Distribution
Percent of People with Each Score
Percentile by Number Answered
Your Score History
You have not taken this quiz